Welcome to the Holygrace Academy Library

Please use search bar below to get started

MEGHVRITHA NAKSHATRAM (Record no. 7717)

MARC details
000 -LEADER
fixed length control field 00210nam a22000977a 4500
082 ## - DEWEY DECIMAL CLASSIFICATION NUMBER
Classification number 894.812
Item number RAJ/M
100 ## - MAIN ENTRY--AUTHOR NAME
Personal name RAJAGURU, SAKTHIPARA
245 ## - TITLE STATEMENT
Title MEGHVRITHA NAKSHATRAM
650 ## - SUBJECT ADDED ENTRY--TOPICAL TERM
Topical Term MALAYALAM STORY
942 ## - ADDED ENTRY ELEMENTS (KOHA)
Koha item type Books
Holdings
Withdrawn status Lost status Collection code Home library Current library Date acquired Full call number Accession Number Koha item type
Withdrawn Damaged Item Fiction Main Library Main Library 12/01/2005 894.812 RAJ/M 01991 Books